| 000 | 00495nam a22002177a 4500 | ||
|---|---|---|---|
| 003 | UA-OsUOA | ||
| 001 | 63862 | ||
| 007 | ta | ||
| 008 | 20091022b un ||||| |||| 00| 0 ukr d | ||
| 090 |
_a232 _bХ91 |
||
| 942 | _cBK | ||
| 040 |
_aUA-OsUOA _bukr _cUA-OsUOA _dUA-OsUOA |
||
| 245 | _aХрєсна дорога | ||
| 300 | _a72 с. | ||
| 955 | _a2 | ||
| 041 | _aukr | ||
| 080 | _a232 | ||
| 260 |
_aЛуцьк _c1997 |
||
| 650 | 7 |
_a2 Релігія. Теологія. _2UDC |
|
| 999 |
_c349961 _d349961 |
||